Loading...

സര്‍ ചേറ്റൂര്‍ ശങ്കരന്‍നായര്‍ /

Bibliographic Details
Main Author: വടവാതൂര്‍, അനില്‍കുമാര്‍
Other Authors: Vadavathoor, Anilkumar
Format: Printed Book
Language:English
Published: കോട്ടയം : സാഹിത്യപ്രവര്‍ത്തക സഹകരണസംഘം, 2016.
Edition:1st ed.
Subjects:
LEADER 00928nam a22001937a 4500
008 190411b xxu||||| |||| 00| 0 eng d
999 |c 26283  |d 26283 
020 |a 9789386094179 
082 |a 929.54  |b SAN/VAD 
100 |a വടവാതൂര്‍, അനില്‍കുമാര്‍ 
245 |a സര്‍ ചേറ്റൂര്‍ ശങ്കരന്‍നായര്‍ /  |c അനില്‍കുമാര്‍ വടവാതൂര്‍ 
250 |a 1st ed. 
260 |a കോട്ടയം :  |b സാഹിത്യപ്രവര്‍ത്തക സഹകരണസംഘം,  |c 2016. 
300 |a 160p. 
600 |a Snakarannair, Chettoor 
650 |a ജീവചരിത്രം 
700 |a Vadavathoor, Anilkumar 
942 |2 ddc  |c BK 
952 |0 0  |1 0  |2 ddc  |4 0  |6 929_540000000000000_SAN_VAD  |7 0  |9 36015  |a MAIN  |b MAIN  |d 2019-04-11  |e National Book Stall  |g 160.00  |o 929.54 SAN/VAD  |p 34488  |r 2019-04-11  |t 1  |w 2019-04-11  |y BK